000 00850cam a22002411 4500
001 l 66000307
003 DLC
005 20260227111549.0
008 930607s1965 sz 000 0 eng
010 _al 66000307
035 _a(OCoLC)28226064
040 _aDLC
_cNcD
_dDLC
050 0 0 _aHD7256.T7
_bI5
110 2 _aInternational Labour Office.
245 1 0 _aReport to the Government of Trinidad and Tobago on the vocational rehabilitation and placement of the disabled.
260 _aGeneva,
_bn.p.,
_c1965.
300 _aiv, 128 p. 30 cm.
500 _a"ILO/TAP/Trinidad and Tobago/R.6."
500 _aAt head of title: Expanded programme of technical assistance.
650 0 _aVocational rehabilitation
_zTrinidad and Tobago.
650 0 _aPeople with disabilities
_xEmployment
_zTrinidad and Tobago.
710 1 _aTrinidad and Tobago.
999 _c37291
_d37291